Kadhadesh-khand 3-Premchandothar kahani-2 (Record no. 75328)

MARC details
000 -LEADER
fixed length control field 00317nam a22001217a 4500
020 ## - INTERNATIONAL STANDARD BOOK NUMBER
ISBN 978-93-86752-17-8
082 ## - DEWEY DECIMAL CLASSIFICATION NUMBER
Classification number 811.214.21 CHO
100 ## - MAIN ENTRY--AUTHOR NAME
Personal name CHOUBE, Santhosh, Comp. et al.
245 ## - TITLE STATEMENT
Title Kadhadesh-khand 3-Premchandothar kahani-2
260 ## - PUBLICATION, DISTRIBUTION, ETC. (IMPRINT)
Place of publication Bhopal
Name of publisher Aisect Publications
Year of publication 2019
300 ## - PHYSICAL DESCRIPTION
Number of Pages 225p.
942 ## - ADDED ENTRY ELEMENTS (KOHA)
Koha item type Books
Holdings
Withdrawn status Lost status Damaged status Not for loan Home library Current library Date acquired Accession Number Koha item type
        RRII Library RRII Library 31/07/2024 G01737 Books